000 00695nam a2200181Ia 4500
008 090630s9999 xx 000 0 und d
082 _b14958
100 _aविरकर द. वि.
245 _aविद्युत यंत्रे.
_cविरकर द. वि.
260 _bमहाराष्ट्र विद्यापीठ ग्रंथनिर्मिती मंडळ - नागपूर.
_c1981
300 _a726
600 _aविरकर द. वि.
630 _aविद्युत यंत्रे.
655 _aइतर.
700 _aविरकर द. वि.
730 _aविद्युत यंत्रे.
942 _cBOOK
999 _c266814
_d266814